Quiz da Tanzânia - Statistics

Estatísticas Gerais
  • Esse quiz foi jogado 878 vezes
  • A pontuação média é 14 de 24
Estatísticas das Respostas
Dica Resposta % Correto
Países europeus que colonizaram a Tanzânia Reino Unido
85%
Países fazendo fronteira com a Tanzânia Moçambique
83%
Países fazendo fronteira com a Tanzânia Quênia
83%
Países europeus que colonizaram a Tanzânia Alemanha
80%
Países fazendo fronteira com a Tanzânia Ruanda
79%
Línguas de facto oficiais * Inglês
78%
Países fazendo fronteira com a Tanzânia Uganda
78%
Países fazendo fronteira com a Tanzânia R. D. Congo
76%
Países fazendo fronteira com a Tanzânia Burundi
74%
Países fazendo fronteira com a Tanzânia Zâmbia
74%
Países fazendo fronteira com a Tanzânia Malawi
73%
"Grandes Lagos" fazendo fronteira com a Tanzânia Niassa
73%
Frase que significa "não se preocupe", ficando famosa por um filme da Disney Hakuna Matata
58%
Montanha mais alta Kilimanjaro
56%
Capital Dodoma
55%
"Grandes Lagos" fazendo fronteira com a Tanzânia Vitória
53%
O maior setor da economia da Tanzânia Agricultura
50%
Ilha que já foi um país por um pequeno período de tempo Zanzibar
49%
Cidade mais populosa Dar es Salaam
42%
Línguas de facto oficiais * Suaíli
37%
Língua histórica do acima Árabe
29%
"Grandes Lagos" fazendo fronteira com a Tanzânia Tanganica
28%
Região do norte, pastagem, sendo famoso pela sua migração de gnus Serengeti
21%
Grupo étnico cuja vida centra-se na criação de gado Massais
19%
Nenhum quiz correspondente encontrado
Distribuição das Pontuações
Porcentagem de Pessoas com Cada Pontuação
Percentil de Números Respondidos
Sua Pontuação Histórica
Você não jogou esse quiz